000 00907nas a2200301 4500
001 BR2011001660
003 BR-BrBNA
005 20231205114916.0
007 ta
008 230509b bl.|||p| |||| 00| 00por d
040 _aBR-BrBNA
_bpor
_cBiblioteca Nacional de Agricultura
041 _a(Pt)
072 _aQ03
100 1 _aOliveira, S.M. de
100 1 _aRossi, E.M.
100 1 _aScapin, D.
100 1 _aSardiglia, C.U.
100 1 _aCunha, F.B. da
245 1 _aIsolamento e perfil de suscetibilidade a antimicrobianos, de cepas de Salmonella sp em queijos coloniais
650 _aQUEIJO
650 _aCONTAMINAÇÃO
650 _aSALMONELLA
650 _aBACTÉRIA
650 _aSANTA CATARINA
773 0 _tHigiene Alimentar (Brazil)
_xISSN 0101-9171
_g(Nov-Dec 2010), v. 24(190-191) p. 140-144
_wBR2011001660
909 _a202311
_bLúcia
_c55
_dLúcia Elande
942 _2AGRIS
_n0
_cANA
999 _c211154
_d211154